|
|
|
|
| LEADER |
00807naa a2200205 i 4500 |
| 001 |
acta61587 |
| 005 |
20260224081030.0 |
| 008 |
190924s2018 hu o 100 hun d |
| 040 |
|
|
|a SZTE Egyetemi Kiadványok Repozitórium
|b hun
|
| 041 |
|
|
|a hun
|
| 100 |
2 |
|
|a Szabó Hangya Lilla
|
| 245 |
1 |
3 |
|a Az identitásalakítás hasonlóságai és különbségei serdülők és fiatal felnőttek körében
|h [elektronikus dokumentum] /
|c Szabó Hangya Lilla
|
| 260 |
|
|
|c 2018
|
| 300 |
|
|
|a 90
|
| 490 |
0 |
|
|a Pedagógiai Értékelési Konferencia
|v 16
|
| 695 |
|
|
|a Önismeret - fiatalok - előadáskivonat
|
| 700 |
0 |
1 |
|a Jámbori Szilvia
|e aut
|
| 700 |
0 |
1 |
|a Gál Zita
|e aut
|
| 710 |
|
|
|a Pedagógiai Értékelési Konferencia (16.) (2018) (Szeged)
|
| 856 |
4 |
0 |
|u http://acta.bibl.u-szeged.hu/61587/1/pek_2018_090.pdf
|z Dokumentum-elérés
|